| 000 | 00881pam a2200241 a 4500 | ||
|---|---|---|---|
| 001 | 615171 | ||
| 005 | 20260421162115.0 | ||
| 008 | 920512s1992 mnu b 000 0 eng | ||
| 020 |
_a0814650244 _qpbk. |
||
| 020 |
_a9780814650240 _q(pbk.) |
||
| 050 | 0 | 0 |
_aBV639.P6 _bP684 1992 |
| 082 | 0 | 0 |
_a261.8/325/09 _220 |
| 245 | 0 | 0 |
_aPoverty and ecclesiology : _bnineteenth-century evangelicals in the light of liberation theology / _cJusto L. González ... [et al.] ; Anthony L. Dunnavant, editor. |
| 260 |
_aCollegeville, Minn. : _bLiturgical Press, _cc1992. |
||
| 300 |
_a104 p. ; _c21 cm. |
||
| 500 | _a"A Michael Glazier book." | ||
| 650 | 0 |
_aChurch work with the poor _xHistory. |
|
| 650 | 0 |
_aEvangelicalism _zUnited States _xHistory _y19th century. |
|
| 650 | 0 | _aLiberation theology. | |
| 700 | 1 | _aGonzález, Justo L. | |
| 700 | 1 |
_aDunnavant, Anthony L., _d1954- |
|
| 942 |
_2lcc _cBK _n0 |
||
| 999 |
_c9375 _d9375 |
||